书目信息 |
| 题名: |
中共中央党校进修部学员论文选 四(下)
|
|
| 作者: | 虞云耀 主编 | |
| 分册: | ||
| 出版信息: | 北京 中共中央党校出版社 2005.09 |
|
| 页数: | 641页 | |
| 开本: | 21cm | |
| 丛书名: | ||
| 单 册: | ||
| 中图分类: | D261.41-53 | |
| 科图分类: | ||
| 主题词: | 党校 | |
| 电子资源: | ||
| ISBN: | 7-5035-3253-X | |
| 000 | 01018nam0 2200265 450 | |
| 001 | 003145466 | |
| 005 | 20070913160851.71 | |
| 010 | @a7-5035-3253-X@dCNY34.00 | |
| 035 | @a003145466 | |
| 100 | @a20060104d2005 emky0chiy0110 ea | |
| 101 | 0 | @achi |
| 102 | @aCN@b110000 | |
| 105 | @ay z 000yy | |
| 200 | 1 | @a中共中央党校进修部学员论文选 四(下)@Azhong gong zhong yang dang xiao jin xiu bu xue yuan lun wen xuan si(xia)@f虞云耀主编@FYu Yun Yao Zhu Bian |
| 210 | @a北京@c中共中央党校出版社@d2005.09 | |
| 215 | @a641页@d21cm | |
| 330 | @a本书分执政篇、和谐社会篇、发展篇、“三农”篇、文化篇五部分。收录了《简论中国共产党的执政能力建设》、《浅论“三个代表”的人本思想》、《发展才是硬道理》、《中国农民工问题制度分析及政策选择》、《发展文化产业的几点思考》等多篇论文。 | |
| 601 | 02 | @a中国共产党@x党校@j文集 |
| 601 | 02 | @a中国共产党 |
| 606 | 0 | @a党校 |
| 690 | @aD261.41-53@v4 | |
| 701 | 0 | @a虞云耀@AYu Yun Yao@4主编 |
| 801 | 0 | @aCN@bNLC@c20070913 |
| 905 | @aBZT@dD261.41-53@e1-4-2 | |
| 906 | @dCNY34.00@n0@r1 | |
| 中共中央党校进修部学员论文选 四(下)/虞云耀主编.-北京:中共中央党校出版社,2005.09 |
| 641页;21cm |
| ISBN 7-5035-3253-X:CNY34.00 |
| 本书分执政篇、和谐社会篇、发展篇、“三农”篇、文化篇五部分。收录了《简论中国共产党的执政能力建设》、《浅论“三个代表”的人本思想》、《发展才是硬道理》、《中国农民工问题制度分析及政策选择》、《发展文化产业的几点思考》等多篇论文。 |
| ● |
| 相关链接 |
|
|
|
正题名:中共中央党校进修部学员论文选 四(下)
索取号:D261.41-53/1-4-2
 
预约/预借
| 序号 | 登录号 | 条形码 | 馆藏地/架位号 | 状态 | 备注 |
| 1 | 578512 | 230173394 | 中心书库南/010架B面3层9列/ [索取号:D261.41-53/1-4-2] | 在馆 | |
| 2 | 578513 | 230173401 | 中心书库南/010架B面3层9列/ [索取号:D261.41-53/1-4-2] | 在馆 | |
| 3 | 578514 | 230173402 | 中心书库南/010架B面3层9列/ [索取号:D261.41-53/1-4-2] | 在馆 | |
| 4 | 578515 | 230173398 | 中心书库南/010架B面3层9列/ [索取号:D261.41-53/1-4-2] | 在馆 | |
| 5 | 578516 | 230173399 | 中心书库南/010架B面3层9列/ [索取号:D261.41-53/1-4-2] | 在馆 | |
| 6 | 578517 | 230173395 | 中心书库南/010架B面3层9列/ [索取号:D261.41-53/1-4-2] | 在馆 | |
| 7 | 578518 | 230173400 | 中心书库南/010架B面3层9列/ [索取号:D261.41-53/1-4-2] | 在馆 | |
| 8 | 578519 | 230173396 | 中心书库南/010架B面3层9列/ [索取号:D261.41-53/1-4-2] | 在馆 | |
| 9 | 578520 | 230173397 | 中心书库南/010架B面3层9列/ [索取号:D261.41-53/1-4-2] | 在馆 | |
| 10 | 578521 | 230173393 | 中心书库南/010架B面3层9列/ [索取号:D261.41-53/1-4-2] | 在馆 |